[Event "Western States op"]
[Site "Reno"]
[Date "2002.10.19"]
[Round "3"]
[White "Aigner, Michael"]
[Black "Soltis, Andrew E"]
[Result "0-1"]
[WhiteElo "2238"]
[BlackElo "2466"]
[PlyCount "116"]
[EventDate "2002.10.18"]
[EventType "swiss"]
[EventRounds "6"]
[EventCountry "USA"]
[SourceTitle "EXT 2009"]
[Source "ChessBase"]
[SourceDate "2008.11.26"]
[SourceVersion "1"]
[SourceVersionDate "2008.11.26"]
[SourceQuality "1"]

1. f4 d5 2. Nf3 g6 3. g3 Bg7 4. Bg2 Nh6 5. 0-0 0-0 6. d3 d4 7. Qe1 Nc6 8. Bd2 e5 9. fxe5 Ng4 10. e4 Ngxe5 11. Nxe5 Nxe5 12. Bf4 Be6 13. Nd2 Qd7 14. Bxe5 Bxe5 15. Nf3 Bg7 16. Ng5 Bh6 17. Nxe6 Qxe6 18. Rf3 Rae8 19. Qf1 Qc6 20. Qd1 Re5 21. Kh1 Rc8 22. Rf2 Qb6 23. Rb1 Rb5 24. b3 Be3 25. Re2 h5 26. Qe1 Bg5 27. a4 Re5 28. c4 dxc3 29. Qxc3 Rc5 30. Qb2 Qb4 31. e5 Re8 32. d4 Rc3 33. d5 h4 34. Re4 Qc5 35. gxh4 Bc1 36. Qe2 Qxd5 37. h5 g5 38. Qf1 Qd2 39. Re2 Qf4 40. Rf2 Qh4 41. Bxb7 Rxe5 42. Re2 Rxe2 43. Qxe2 Re3 44. Qf1 Re1 45. Rxc1 Rxf1+ 46. Rxf1 Qh3 47. Rf3 Qe6 48. h3 Kg7 49. Kg2 f5 50. Kf1 Kh6 51. Rc3 Qe5 52. Rd3 Kxh5 53. Bf3+ Kh4 54. Be2 g4 55. hxg4 fxg4 56. Kf2 g3+ 57. Kf3 g2 58. Rd1 Qg3+ 0-1

[Event "Western States op"]
[Site "Reno"]
[Date "2002.10.19"]
[Round "4"]
[White "Donaldson, John W"]
[Black "Soltis, Andrew E"]
[Result "1/2-1/2"]
[WhiteElo "2465"]
[BlackElo "2466"]
[PlyCount "21"]
[EventDate "2002.10.18"]
[EventType "swiss"]
[EventRounds "6"]
[EventCountry "USA"]
[SourceTitle "EXT 2009"]
[Source "ChessBase"]
[SourceDate "2008.11.26"]
[SourceVersion "1"]
[SourceVersionDate "2008.11.26"]
[SourceQuality "1"]

1. Nf3 Nf6 2. c4 d6 3. d4 Bg4 4. Nc3 g6 5. e4 Bxf3 6. Qxf3 Nfd7 7. Be3 Bg7 8. Rc1 0-0 9. Qd1 e5 10. d5 f5 11. Be2 1/2-1/2

[Event "Reno sim"]
[Site "Reno"]
[Date "2002.10.17"]
[Round "?"]
[White "Soltis, Andrew E"]
[Black "Lima, Louis"]
[Result "1/2-1/2"]
[WhiteElo "2466"]
[BlackElo "1535"]
[PlyCount "69"]
[EventDate "2002.10.18"]
[EventType "simul"]
[EventRounds "1"]
[EventCountry "USA"]
[SourceTitle "EXT 2009"]
[Source "ChessBase"]
[SourceDate "2008.11.26"]
[SourceVersion "1"]
[SourceVersionDate "2008.11.26"]
[SourceQuality "1"]

1. e4 c5 2. Nc3 d6 3. Nge2 Nc6 4. d4 cxd4 5. Nxd4 Nf6 6. Bc4 g6 7. Nxc6 bxc6 8. e5 Ng4 9. e6 f5 10. 0-0 Bg7 11. h3 Nf6 12. Re1 0-0 13. Bf4 Ne8 14. Qd2 Kh8 15. Bh6 Bxh6 16. Qxh6 Ng7 17. Rad1 Rf6 18. Rd4 Bxe6 19. Rh4 Qg8 20. Bxe6 Rxe6 21. Rxe6 Nxe6 22. Qe3 f4 23. Qe4 h5 24. Qxc6 Rc8 25. Qe4 Qf7 26. Ne2 g5 27. Rxh5+ Qxh5 28. Qxe6 Rxc2 29. Nc3 Rc1+ 30. Kh2 g4 31. Qxe7 gxh3 32. Qf6+ Kg8 33. Qe6+ Kh8 34. Qf6+ Kg8 35. Qe6+ 1/2-1/2

[Event "Bermuda op"]
[Site "Bermuda"]
[Date "2002.02.02"]
[Round "3"]
[White "Sharp, Dale Eugene"]
[Black "Soltis, Andrew E"]
[Result "0-1"]
[WhiteElo "2062"]
[BlackElo "2409"]
[PlyCount "62"]
[EventDate "2002.02.01"]
[EventType "swiss"]
[EventRounds "5"]
[EventCountry "BER"]
[SourceTitle "CBM 086 Extra"]
[Source "ChessBase"]
[SourceDate "2002.03.14"]
[SourceVersion "1"]
[SourceVersionDate "2002.03.14"]
[SourceQuality "1"]

1. e4 c5 2. Nf3 Nc6 3. d4 cxd4 4. Nxd4 Nf6 5. Nc3 d6 6. Be2 e5 7. Nb3 Be7 8. 0-0 0-0 9. Bg5 Nxe4 10. Bxe7 Nxc3 11. Bxd8 Nxd1 12. Bc7 Nxb2 13. Bxd6 Rd8 14. Ba3 Na4 15. f4 Nc3 16. Kf2 Be6 17. Bd1 exf4 18. Bf3 Bd5 19. Bc1 Bxf3 20. gxf3 Re8 21. Bxf4 Re2+ 22. Kg3 Rxc2 23. Be3 Re8 24. Bf2 Rxa2 25. Rxa2 Nxa2 26. Ra1 Nc3 27. Bxa7 Ra8 28. Bc5 Rxa1 29. Nxa1 f6 30. Kf4 Kf7 31. Nb3 Ke6 0-1

[Event "San Francisco Mechanics"]
[Site "San Francisco"]
[Date "1998.07.17"]
[Round "8"]
[White "Benjamin, Joel"]
[Black "Soltis, Andrew E"]
[Result "1-0"]
[WhiteElo "2595"]
[BlackElo "2410"]
[PlyCount "69"]
[EventDate "1998.07.10"]
[EventType "tourn"]
[EventRounds "9"]
[EventCountry "USA"]
[EventCategory "10"]
[SourceTitle "CBM 066"]
[Source "ChessBase"]
[SourceDate "1998.09.30"]
[SourceVersion "1"]
[SourceVersionDate "1998.09.30"]
[SourceQuality "1"]

1. e4 e5 2. Nf3 Nc6 3. Bb5 Nd4 4. Nxd4 exd4 5. 0-0 c6 6. Ba4 Nf6 7. c3 d3 8. Qf3 d5 9. e5 Ne4 10. Qxd3 Nc5 11. Qc2 d4 12. d3 Bf5 13. Rd1 Be7 14. Bb3 0-0 15. Qe2 Qd7 16. cxd4 Nxb3 17. axb3 Qxd4 18. Ra4 Qd5 19. Rf4 Bg6 20. Nc3 Qxb3 21. h4 h5 22. d4 Rad8 23. Be3 Rfe8 24. Ne4 Bf8 25. Rc1 Rd5 26. Ng3 Rb5 27. Nxh5 Qxb2 28. Qg4 c5 29. Nxg7 Bxg7 30. h5 Rb6 31. hxg6 Rxg6 32. Qf5 Qb3 33. Rxc5 Qd1+ 34. Kh2 Re7 35. Rc8+ 1-0

[Event "San Francisco Mechanics"]
[Site "San Francisco"]
[Date "1998.07.16"]
[Round "7"]
[White "Soltis, Andrew E"]
[Black "Rey, Guillermo"]
[Result "1/2-1/2"]
[WhiteElo "2410"]
[BlackElo "2335"]
[PlyCount "31"]
[EventDate "1998.07.10"]
[EventType "tourn"]
[EventRounds "9"]
[EventCountry "USA"]
[EventCategory "10"]
[SourceTitle "CBM 066"]
[Source "ChessBase"]
[SourceDate "1998.09.30"]
[SourceVersion "1"]
[SourceVersionDate "1998.09.30"]
[SourceQuality "1"]

1. e4 e6 2. d3 c5 3. Nf3 Nc6 4. g3 g6 5. Bg5 Qc7 6. c3 Bg7 7. Na3 Nf6 8. Bg2 0-0 9. 0-0 h6 10. Be3 d6 11. Rb1 b6 12. b4 Bb7 13. Nb5 Qe7 14. a4 Rac8 15. Re1 Rfd8 16. Bd2 1/2-1/2

[Event "San Francisco Mechanics"]
[Site "San Francisco"]
[Date "1998.07.14"]
[Round "5"]
[White "Soltis, Andrew E"]
[Black "Fedorowicz, John P"]
[Result "0-1"]
[WhiteElo "2410"]
[BlackElo "2495"]
[PlyCount "102"]
[EventDate "1998.07.10"]
[EventType "tourn"]
[EventRounds "9"]
[EventCountry "USA"]
[EventCategory "10"]
[SourceTitle "CBM 066"]
[Source "ChessBase"]
[SourceDate "1998.09.30"]
[SourceVersion "1"]
[SourceVersionDate "1998.09.30"]
[SourceQuality "1"]

1. e4 c5 2. Nf3 Nc6 3. Bb5 g6 4. 0-0 Bg7 5. c3 Nf6 6. d4 Nxe4 7. d5 Nd6 8. Bd3 Nb8 9. Bf4 0-0 10. Be5 Ne8 11. Bxg7 Kxg7 12. b4 cxb4 13. cxb4 d6 14. Qd2 Nf6 15. Nc3 Nbd7 16. Rfe1 Nb6 17. Bf1 a5 18. Rab1 h6 19. Bb5 Bg4 20. Nh4 axb4 21. Rxb4 Rc8 22. Re3 Rc5 23. Rd4 Qc8 24. h3 Bd7 25. Bxd7 Qxd7 26. Rg3 Rg8 27. Kh2 Kh7 28. Nf3 Rc4 29. Rxc4 Nxc4 30. Qd4 Qc7 31. Qh4 Ne5 32. Ng5+ Kg7 33. Nge4 Ned7 34. Re3 Nxe4 35. Qxe4 e5 36. Qb4 Qb6 37. Qxb6 Nxb6 38. Ne4 Rd8 39. Rb3 Nxd5 40. Rxb7 Nf6 41. Nxf6 Kxf6 42. a4 Ra8 43. Rb4 Ke6 44. f4 f6 45. Kg3 Kd5 46. fxe5 fxe5 47. h4 h5 48. Kf3 Kc5 49. Rb5+ Kc6 50. Rb4 d5 51. g3 Ra6 0-1

[Event "San Francisco Mechanics"]
[Site "San Francisco"]
[Date "1998.07.13"]
[Round "4"]
[White "Atalik, Suat"]
[Black "Soltis, Andrew E"]
[Result "1/2-1/2"]
[WhiteElo "2595"]
[BlackElo "2410"]
[PlyCount "36"]
[EventDate "1998.07.10"]
[EventType "tourn"]
[EventRounds "9"]
[EventCountry "USA"]
[EventCategory "10"]
[SourceTitle "CBM 066"]
[Source "ChessBase"]
[SourceDate "1998.09.30"]
[SourceVersion "1"]
[SourceVersionDate "1998.09.30"]
[SourceQuality "1"]

1. d4 Nf6 2. c4 d6 3. Nf3 Bg4 4. Nc3 g6 5. e4 Bxf3 6. Qxf3 Nc6 7. Qd1 Bg7 8. Be3 0-0 9. Be2 e5 10. d5 Nd4 11. Bxd4 exd4 12. Qxd4 Re8 13. Qd3 Nd7 14. f3 f5 15. 0-0 Nc5 16. Qc2 fxe4 17. fxe4 Qg5 18. Qc1 Qxc1 1/2-1/2

[Event "San Francisco Mechanics"]
[Site "San Francisco"]
[Date "1998.07.10"]
[Round "1"]
[White "Soltis, Andrew E"]
[Black "Lobo, Richard"]
[Result "1-0"]
[WhiteElo "2410"]
[BlackElo "2310"]
[PlyCount "51"]
[EventDate "1998.07.10"]
[EventType "tourn"]
[EventRounds "9"]
[EventCountry "USA"]
[EventCategory "10"]
[SourceTitle "CBM 066"]
[Source "ChessBase"]
[SourceDate "1998.09.30"]
[SourceVersion "1"]
[SourceVersionDate "1998.09.30"]
[SourceQuality "1"]

1. e4 c5 2. Nc3 e6 3. Nge2 Nc6 4. g3 d6 5. Bg2 Nf6 6. 0-0 a6 7. d3 Be7 8. h3 0-0 9. Be3 Bd7 10. g4 b5 11. Ng3 b4 12. Nce2 Ne8 13. f4 Rb8 14. Qd2 a5 15. f5 Ne5 16. g5 Kh8 17. Rf2 Rg8 18. Raf1 Rc8 19. Nh5 g6 20. fxg6 Rxg6 21. h4 h6 22. Nef4 Rg8 23. Nh3 Ng6 24. Nf6 Bxf6 25. gxf6 e5 26. Bxh6 1-0

[Event "Chicago op"]
[Site "Chicago"]
[Date "1992.??.??"]
[Round "2"]
[White "Soltis, Andrew E"]
[Black "Gurevich, Dmitry"]
[Result "0-1"]
[WhiteElo "2420"]
[BlackElo "2515"]
[PlyCount "104"]
[EventDate "1992.??.??"]
[EventType "swiss"]
[EventRounds "9"]
[EventCountry "USA"]
[SourceTitle "EXT 2000"]
[Source "ChessBase"]
[SourceDate "1999.11.16"]
[SourceVersion "1"]
[SourceVersionDate "1999.11.16"]
[SourceQuality "1"]

1. e4 c5 2. Nf3 d6 3. d4 cxd4 4. Nxd4 Nf6 5. Nc3 Nc6 6. Bc4 e6 7. Bb3 Be7 8. Be3 0-0 9. Qe2 d5 10. 0-0 dxe4 11. Nxc6 bxc6 12. Bf4 Nd5 13. Qxe4 Bf6 14. Rfd1 Qa5 15. Bg3 Nxc3 16. bxc3 Qxc3 17. Rab1 Ba6 18. Rd7 Rad8 19. Rxa7 Bc8 20. Bh4 g5 21. Bg3 h5 22. Ra4 Rd4 23. Rxd4 Qxd4 24. Qxd4 Bxd4 25. Ba4 e5 26. h4 gxh4 27. Bxh4 Bf5 28. Rb7 Be6 29. Bxc6 Rc8 30. Be4 f5 31. Bf3 Bf7 32. Bd1 Ra8 33. Bf6 Rxa2 34. Kh2 Ra6 35. Rb8+ Kh7 36. Bh4 e4 37. Rb7 Kg6 38. Bg3 Be6 39. Rc7 h4 40. Bf4 Bxf2 41. Be2 Ra3 42. Rc6 Kf7 43. Rc7+ Kf6 44. Rc6 Bg3+ 45. Bxg3 hxg3+ 46. Kh3 Ke5 47. Kh4 Re3 48. Bc4 Bxc4 49. Rxc4 Kf4 50. Rc5 Re2 51. Kh5 Rxg2 52. Kg6 Kg4 0-1

[Event "New York Marshall CC"]
[Site "New York"]
[Date "1992.??.??"]
[Round "6"]
[White "Soltis, Andrew E"]
[Black "Waitzkin, Joshua"]
[Result "1/2-1/2"]
[WhiteElo "2420"]
[BlackElo "2310"]
[PlyCount "33"]
[EventDate "1992.??.??"]
[EventType "tourn"]
[EventRounds "13"]
[EventCountry "USA"]
[EventCategory "6"]
[SourceTitle "EXT 1997"]
[Source "ChessBase"]
[SourceDate "1996.11.15"]
[SourceVersion "1"]
[SourceVersionDate "1996.11.15"]
[SourceQuality "1"]

1. e4 c5 2. Nf3 Nc6 3. d4 cxd4 4. Nxd4 Nf6 5. Nc3 d6 6. Bc4 Qb6 7. Nde2 e6 8. Bb3 Be7 9. 0-0 0-0 10. Kh1 a6 11. Qd3 Qc7 12. Qg3 Kh8 13. Bg5 b5 14. a3 Bb7 15. Rad1 Rad8 16. Nf4 Bc8 17. Rfe1 1/2-1/2

[Event "Chicago op"]
[Site "Chicago"]
[Date "1992.??.??"]
[Round "1"]
[White "Wachtel, Robert"]
[Black "Soltis, Andrew E"]
[Result "0-1"]
[WhiteElo "2350"]
[BlackElo "2420"]
[PlyCount "59"]
[EventDate "1992.??.??"]
[EventType "swiss"]
[EventRounds "9"]
[EventCountry "USA"]
[SourceTitle "EXT 2000"]
[Source "ChessBase"]
[SourceDate "1999.11.16"]
[SourceVersion "1"]
[SourceVersionDate "1999.11.16"]
[SourceQuality "1"]

1. d4 Nf6 2. Nf3 g6 3. c4 Bg7 4. Nc3 0-0 5. e4 d6 6. Be2 Na6 7. 0-0 e5 8. d5 Nc5 9. Qc2 a5 10. Be3 Ng4 11. Bg5 f6 12. Bd2 f5 13. Bg5 Nf6 14. Nd2 Bd7 15. b3 h6 16. Bxf6 Qxf6 17. a3 Na6 18. Rab1 c5 19. dxc6 bxc6 20. b4 axb4 21. axb4 Rfb8 22. b5 Nc5 23. Bf3 f4 24. Rfd1 Ne6 25. bxc6 Bxc6 26. Nb3 Ng5 27. Qd3 Ra3 28. Nd2 Rba8 29. Rb6 Rc8 30. Rdb1 0-1

[Event "New York op"]
[Site "New York"]
[Date "1990.??.??"]
[Round "1"]
[White "Dzindzichashvili, Roman"]
[Black "Soltis, Andrew E"]
[Result "1-0"]
[WhiteElo "2545"]
[BlackElo "2410"]
[PlyCount "111"]
[EventDate "1990.04.??"]
[EventType "swiss"]
[EventRounds "9"]
[EventCountry "USA"]
[SourceTitle "CBM 016 Extra"]
[Source "ChessBase"]
[SourceDate "1990.07.01"]
[SourceVersion "1"]
[SourceVersionDate "1990.07.01"]
[SourceQuality "1"]

1. c4 Nf6 2. Nc3 d6 3. g3 g6 4. Bg2 Bg7 5. Nf3 0-0 6. 0-0 Nbd7 7. Rb1 a5 8. a3 Nb6 9. d3 c6 10. Bd2 d5 11. cxd5 Nfxd5 12. Qc2 e5 13. Ne4 h6 14. Nc5 Re8 15. e4 Nc7 16. Be3 Nd7 17. Nxd7 Bxd7 18. d4 exd4 19. Nxd4 Bg4 20. Nb3 Qc8 21. f3 Bh3 22. Rbd1 Bxg2 23. Kxg2 Ne6 24. f4 c5 25. e5 Qc6+ 26. Kf2 Red8 27. Nd2 Nd4 28. Bxd4 Rxd4 29. Nf3 Rdd8 30. Rd2 Bf8 31. Rfd1 Be7 32. f5 gxf5 33. Qxf5 Rxd2+ 34. Rxd2 Rd8 35. e6 Qxe6 36. Qxe6 Rxd2+ 37. Nxd2 fxe6 38. a4 Kf7 39. Nc4 Bd8 40. Kf3 Bc7 41. Ke4 Kf6 42. b3 Kg5 43. Ne3 h5 44. h4+ Kg6 45. Kf3 Be5 46. Nc4 Bc7 47. g4 hxg4+ 48. Kxg4 b6 49. Nd2 Kf6 50. h5 Ke5 51. Kg5 Kd5 52. Nc4 Ke4 53. Kf6 Bf4 54. Kxe6 Kd4 55. Nxb6 Kc3 56. Nd5+ 1-0

[Event "Bermuda op"]
[Site "Bermuda"]
[Date "1990.??.??"]
[Round "?"]
[White "Gurevich, Dmitry"]
[Black "Soltis, Andrew E"]
[Result "1-0"]
[WhiteElo "2470"]
[BlackElo "2410"]
[PlyCount "71"]
[EventDate "1990.??.??"]
[EventType "swiss"]
[EventRounds "7"]
[EventCountry "BER"]
[SourceTitle "EXT 2000"]
[Source "ChessBase"]
[SourceDate "1999.11.16"]
[SourceVersion "1"]
[SourceVersionDate "1999.11.16"]
[SourceQuality "1"]

1. d4 d6 2. Nf3 Nf6 3. c4 Nbd7 4. Nc3 g6 5. e4 e5 6. Be2 Bg7 7. 0-0 0-0 8. Be3 c6 9. d5 c5 10. g3 Kh8 11. Nh4 Ng8 12. Qd2 Ndf6 13. f3 Ne8 14. Bd3 Ne7 15. Kh1 f5 16. exf5 Nxf5 17. Bg5 Bf6 18. Bh6 Rg8 19. Ne4 g5 20. Nxf5 Bxf5 21. f4 Bxe4+ 22. Bxe4 exf4 23. gxf4 g4 24. Bf5 Bd4 25. Be6 Rg6 26. f5 Rxh6 27. Qxh6 Qf6 28. Qf4 Qh4 29. Rae1 Nf6 30. Qxd6 Bf2 31. Rxf2 Qxf2 32. Qe5 Kg7 33. d6 h5 34. Bc8 Rxc8 35. d7 Rf8 36. d8Q 1-0

[Event "New York op"]
[Site "New York"]
[Date "1990.??.??"]
[Round "5"]
[White "Lein, Anatoly"]
[Black "Soltis, Andrew E"]
[Result "1-0"]
[WhiteElo "2485"]
[BlackElo "2410"]
[PlyCount "73"]
[EventDate "1990.04.??"]
[EventType "swiss"]
[EventRounds "9"]
[EventCountry "USA"]
[SourceTitle "CBM 016 Extra"]
[Source "ChessBase"]
[SourceDate "1990.07.01"]
[SourceVersion "1"]
[SourceVersionDate "1990.07.01"]
[SourceQuality "1"]

1. d4 d6 2. e4 Nf6 3. Nc3 c6 4. f4 Qa5 5. e5 Nd5 6. Bd2 Nxc3 7. Bxc3 Qd5 8. Nf3 Bf5 9. Bd3 Bxd3 10. Qxd3 dxe5 11. fxe5 e6 12. Bd2 Na6 13. c4 Qd7 14. 0-0 0-0-0 15. Rad1 f5 16. exf6 gxf6 17. Qe2 Bd6 18. a3 Rhg8 19. b4 Nc7 20. a4 Rg6 21. b5 Rdg8 22. Rf2 e5 23. Be3 exd4 24. Bxd4 c5 25. Be3 Ne6 26. Qd3 Qf7 27. Qf5 Bc7 28. a5 Rd8 29. Rxd8+ Kxd8 30. Rd2+ Ke8 31. Bxc5 Be5 32. Nxe5 fxe5 33. Qxe5 Qf4 34. Qxf4 Nxf4 35. Bxa7 Re6 36. Kf2 Re4 37. Rd4 1-0

[Event "New York op"]
[Site "New York"]
[Date "1990.??.??"]
[Round "2"]
[White "Lputian, Smbat G"]
[Black "Soltis, Andrew E"]
[Result "1-0"]
[WhiteElo "2545"]
[BlackElo "2410"]
[PlyCount "55"]
[EventDate "1990.04.??"]
[EventType "swiss"]
[EventRounds "9"]
[EventCountry "USA"]
[SourceTitle "CBM 016 Extra"]
[Source "ChessBase"]
[SourceDate "1990.07.01"]
[SourceVersion "1"]
[SourceVersionDate "1990.07.01"]
[SourceQuality "1"]

1. d4 Nf6 2. c4 d6 3. Nf3 g6 4. Nc3 Nbd7 5. e4 e5 6. Be2 Bg7 7. 0-0 0-0 8. Qc2 c6 9. Rd1 Qe7 10. d5 c5 11. Rb1 Nh5 12. g3 Ndf6 13. b4 b6 14. bxc5 bxc5 15. Qa4 a6 16. Bd2 Ra7 17. Nh4 Ng4 18. Rb8 Bd7 19. Qb3 Nf4 20. Bf1 Nh6 21. Qb6 Nh3+ 22. Kg2 Ra8 23. Rb7 Qf6 24. Rxd7 Rab8 25. Qxd6 Qxf2+ 26. Kxh3 Rb2 27. Be2 g5 28. Bxg5 1-0

[Event "Lloyds Bank op 14th"]
[Site "London"]
[Date "1990.??.??"]
[Round "?"]
[White "Sadler, Matthew D"]
[Black "Soltis, Andrew E"]
[Result "1-0"]
[WhiteElo "2465"]
[BlackElo "2410"]
[PlyCount "71"]
[EventDate "1990.08.??"]
[EventType "swiss"]
[EventRounds "10"]
[EventCountry "ENG"]
[SourceTitle "EXT 1997"]
[Source "ChessBase"]
[SourceDate "1996.11.15"]
[SourceVersion "1"]
[SourceVersionDate "1996.11.15"]
[SourceQuality "1"]

1. d4 Nf6 2. c4 d6 3. Nc3 Nbd7 4. e4 e5 5. Nf3 g6 6. Be2 Bg7 7. 0-0 0-0 8. Be3 c6 9. Qc2 Ng4 10. Bg5 f6 11. Bh4 Nh6 12. dxe5 dxe5 13. b4 Qe7 14. c5 Re8 15. Nd2 Nf8 16. Rfd1 Ne6 17. Nb3 Nf4 18. Bf1 Be6 19. b5 Nf7 20. f3 Bxb3 21. axb3 Ne6 22. b4 Nd4 23. Qa2 Bh6 24. Bc4 Kg7 25. Bf2 Ng5 26. bxc6 bxc6 27. Ne2 Nxe2+ 28. Qxe2 Red8 29. Rxd8 Rxd8 30. b5 Rd2 31. Qf1 Rc2 32. b6 axb6 33. cxb6 Qb4 34. Ra7+ Kf8 35. b7 Rxf2 36. Qxf2 1-0

[Event "Lloyds Bank op 14th"]
[Site "London"]
[Date "1990.??.??"]
[Round "?"]
[White "Soltis, Andrew E"]
[Black "Ernst, Thomas"]
[Result "1/2-1/2"]
[WhiteElo "2410"]
[BlackElo "2440"]
[PlyCount "55"]
[EventDate "1990.08.??"]
[EventType "swiss"]
[EventRounds "10"]
[EventCountry "ENG"]
[SourceTitle "EXT 1997"]
[Source "ChessBase"]
[SourceDate "1996.11.15"]
[SourceVersion "1"]
[SourceVersionDate "1996.11.15"]
[SourceQuality "1"]

1. e4 c5 2. Nc3 d6 3. Nge2 g6 4. d4 cxd4 5. Nxd4 Nf6 6. Be2 Bg7 7. Nb3 Nc6 8. Be3 0-0 9. g4 Be6 10. g5 Nd7 11. h4 a5 12. Nd4 Nxd4 13. Bxd4 Bxd4 14. Qxd4 Qb6 15. 0-0-0 Qxd4 16. Rxd4 f6 17. Bc4 Bxc4 18. Rxc4 Nc5 19. Rd1 fxg5 20. e5 Rxf2 21. hxg5 Rf5 22. exd6 exd6 23. Rxd6 Rxg5 24. Nd5 Rg1+ 25. Kd2 Rg2+ 26. Ke3 Na6 27. Rd7 Rf8 28. Rc8 1/2-1/2

[Event "New York op"]
[Site "New York"]
[Date "1990.??.??"]
[Round "4"]
[White "Soltis, Andrew E"]
[Black "Fishbein, Alexander"]
[Result "1/2-1/2"]
[WhiteElo "2410"]
[BlackElo "2470"]
[PlyCount "66"]
[EventDate "1990.04.??"]
[EventType "swiss"]
[EventRounds "9"]
[EventCountry "USA"]
[SourceTitle "CBM 016 Extra"]
[Source "ChessBase"]
[SourceDate "1990.07.01"]
[SourceVersion "1"]
[SourceVersionDate "1990.07.01"]
[SourceQuality "1"]

1. e4 c5 2. Nc3 Nc6 3. Nge2 Nf6 4. d4 cxd4 5. Nxd4 d6 6. Bc4 e6 7. Bb3 Be7 8. Be3 a6 9. Qe2 Qc7 10. 0-0-0 Na5 11. g4 b5 12. g5 Nxb3+ 13. axb3 Nd7 14. h4 b4 15. Na2 a5 16. h5 Ba6 17. Qg4 Rc8 18. Rd2 Nc5 19. Kb1 Qb7 20. f3 a4 21. Rhd1 axb3 22. Nxb3 Bc4 23. Nac1 Bxb3 24. cxb3 Nd7 25. g6 Nf6 26. gxf7+ Kxf7 27. Bf4 e5 28. Bg5 g6 29. Qh3 Qa6 30. hxg6+ hxg6 31. Qf1 Qa5 32. Rc2 Rxc2 33. Kxc2 Rc8+ 1/2-1/2

[Event "New York op"]
[Site "New York"]
[Date "1989.??.??"]
[Round "6"]
[White "Dorfman, Josif D"]
[Black "Soltis, Andrew E"]
[Result "1-0"]
[WhiteElo "2565"]
[BlackElo "2425"]
[PlyCount "87"]
[EventDate "1989.03.??"]
[EventType "swiss"]
[EventRounds "9"]
[EventCountry "USA"]
[SourceTitle "CBM 012"]
[Source "ChessBase"]
[SourceDate "1989.10.01"]
[SourceVersion "1"]
[SourceVersionDate "1989.10.01"]
[SourceQuality "1"]

1. c4 Nf6 2. Nc3 d6 3. d4 Nbd7 4. e4 e5 5. Nf3 g6 6. Be2 Bg7 7. 0-0 0-0 8. Qc2 c6 9. Rd1 Qe7 10. Rb1 exd4 11. Nxd4 Re8 12. f3 Nh5 13. Be3 f5 14. Qc1 f4 15. Bxf4 Nxf4 16. Qxf4 Be5 17. Qe3 Qf6 18. g3 g5 19. Bf1 Nf8 20. Bg2 Ng6 21. Rd2 Bd7 22. Rbd1 b6 23. b4 Be6 24. Nce2 Bd7 25. Rf1 Rf8 26. c5 Rad8 27. Rfd1 dxc5 28. bxc5 Bc7 29. Qa3 Qe5 30. Nb3 Be6 31. Ned4 Bd7 32. Qxa7 g4 33. cxb6 Bd6 34. Qa4 Nh4 35. Qc4+ Kh8 36. f4 Rxf4 37. Nxc6 Bxc6 38. Qxc6 Rf6 39. Qd5 Qe7 40. e5 Bc7 41. Qxd8+ Bxd8 42. Rxd8+ Rf8 43. Rxf8+ Qxf8 44. gxh4 1-0